000 00819nam1a22002291i 4500
001 rc\4279631
005 20240724140423.0
035 _a(NLR Aleph) 008244964
090 _a8300297
_c8300296
100 _a20130416d1957 |||y0rusy50 ca
101 0 _arus
102 _aRU
105 _a z |||||
200 1 _aХарактеристики сердечников с прямоугольной петлей гистерезиса
_eВып. 1-
_fИн-т точной механики и вычислительной техники Акад. наук СССР
210 _aМосква
_cБ. и.
_d1957
215 _d29
300 _aЛитогр.
700 1 _aБардиж
_bВ.В.
_gВсеволод Вианорович
801 0 _aRU
_bNLR
_gpsbo
801 1 _aRU
_bELAR
_2rusmarc
852 _aNLR
_j58-8/1015
942 _cBOOK